| 000 | 01112nam0a22003131 4500 | ||
|---|---|---|---|
| 001 | v19\rc\2005447 | ||
| 005 | 20260405175120.0 | ||
| 035 | _a(NLR Aleph) 005080471 | ||
| 090 |
_a7191188 _c7191189 |
||
| 100 | _a20080811d1915 u y0rusy50 ca | ||
| 101 | 0 | _arus | |
| 102 | _aRU | ||
| 105 | _aa z |||a| | ||
| 200 | 1 |
_aЕвпатий Коловрат _eИст. рассказ из эпохи XIII столетия _eПеч. с 1-го изд. ... _fИв. Ив. Митропольский |
|
| 205 | _a3-е изд. | ||
| 210 |
_aМосква _cМ.В. Клюкин _d1915 |
||
| 215 |
_a32 с. _cил. _d18 |
||
| 225 | 1 |
_aИсторическая библиотека _v№ 5 |
|
| 700 | 1 |
_aМитропольский _bИ.И. _f1872-после 1917 _gИван Иванович |
|
| 702 | 0 |
_4570 _8rus _7ca _aЕвпатий Коловрат _f-1238 _3RU\NLR\AUTH\7776248 _959176 |
|
| 801 | 0 |
_aRU _bNLR _gpsbo |
|
| 801 | 0 |
_aRU _bRuMoRGB _2psbo |
|
| 801 | 1 |
_aRU _bProSoft-M _2rusmarc |
|
| 852 |
_aNLR _j40.22.3.204 |
||
| 899 |
_aRuMoRGB _jW 42/399 |
||
| 899 |
_aRuMoRGB _jW 138/299 |
||
| 899 | _aБАН | ||
| 942 | _cBOOK | ||
| 980 | _aNB | ||